Human Resource Management Practice (Record no. 2401)

MARC details
000 -LEADER
fixed length control field 00599nam a22002177a 4500
003 - CONTROL NUMBER IDENTIFIER
control field OSt
005 - DATE AND TIME OF LATEST TRANSACTION
control field 20191108162210.0
008 - FIXED-LENGTH DATA ELEMENTS--GENERAL INFORMATION
fixed length control field 151103b xxu||||| |||| 00| 0 eng d
020 ## - INTERNATIONAL STANDARD BOOK NUMBER
International Standard Book Number 978-0749446314
020 ## - INTERNATIONAL STANDARD BOOK NUMBER
International Standard Book Number 0749448318
040 ## - CATALOGING SOURCE
Transcribing agency DDC
082 ## - DEWEY DECIMAL CLASSIFICATION NUMBER
Classification number 658.3 ARM 2006
100 ## - MAIN ENTRY--PERSONAL NAME
Personal name Armstrong,Micheal;
9 (RLIN) 5965
245 ## - TITLE STATEMENT
Title Human Resource Management Practice
250 ## - EDITION STATEMENT
Edition statement 10TH ED
260 ## - PUBLICATION, DISTRIBUTION, ETC. (IMPRINT)
Place of publication, distribution, etc. London ,Philadelphia;
Name of publisher, distributor, etc. kogan Page Ltd,
Date of publication, distribution, etc. 2006
300 ## - PHYSICAL DESCRIPTION
Extent xxii,982p;
Other physical details ill;
Dimensions 40cm
504 ## - BIBLIOGRAPHY, ETC. NOTE
Bibliography, etc includes index and references.
650 ## - SUBJECT ADDED ENTRY--TOPICAL TERM
Topical term or geographic name as entry element Human resource management
9 (RLIN) 5317
942 ## - ADDED ENTRY ELEMENTS (KOHA)
Source of classification or shelving scheme Dewey Decimal Classification
Koha item type Short Loan
Holdings
Withdrawn status Lost status Source of classification or shelving scheme Damaged status Not for loan Home library Current library Date acquired Inventory number Total Checkouts Full call number Date last seen Price effective from Koha item type Barcode
    Dewey Decimal Classification     MUST Main Library MUST Main Library 03/11/2015 08/2212   658.3; ARM;2006; 03/11/2015 03/11/2015 Short Loan  
    Other/Generic Classification Scheme     MUST Main Library MUST Main Library 03/11/2015     658.3; ARM;2006; 03/11/2015 03/11/2015 Short Loan  
    Other/Generic Classification Scheme     MUST Main Library MUST Main Library 03/11/2015 08/2212   658.3; ARM;2006; 03/11/2015 03/11/2015 Short Loan 2015-2417